000 00445nam a2200181Ia 4500
005 20231107120605.0
008 131103s9999 xx 000 0 und d
040 _aLoreto College
041 _aEnglish
082 _aF
_bSTE
100 _aStevenson,D.E.
245 _aStill Glides the stream
_cD.E.Stevenson
260 _aLondon
_bFontana Books
_c1959
300 _a190 p.
650 _aFiction in English
850 _aLCLIB
942 _cBK
999 _c15643
_d66122